1200 1531 1531 1121 1537 1719 1193 1739 1858 1190 1743 1345 1250 1419 1580 1129 1832 1752 1437 1439 1391 1573 1049 1435 1968 1563 1412 1060 1426 1577 1884 1787 1366 1077 1411 1777 1675 1388 1661 1632 1448 1339 1102 1522 1879 1536 1806 1477 1861 1976 1071 1074 1101 1471 1284 1390 1298 1593 1128 1930 1213 1769 1788 1191 1801 1921 1920 1619 1457 1784 1193 1475 1903 1892 1181 1037 1286 1415 1053 1724 1773 1727 1640 1714 1435 1840 1671 1119 1381 1604 1833 1959 1449 1194 1980 1355 1562 1445 1427 BCNSPRNW ULIB Ver.6.0+V

เปลี่ยนเป็นภาษาไทย

Change to English
 แสดงรายละเอียดบรรณานุกรม
  กลับหน้าหลัก

Brief Record : Get Marc (ISO 2709) : E-mail record : QR code < ปิดหน้าต่าง
LEADER : 00000nam 2200000uu 4500
001    13399121383
003     ULIB
008    121116s2555||||th 000 0 tha d
020    ^a9789743652677
060  4 ^aWW210^bธ451ต
100 0  ^aธัญญพัทธ์ เบญจวลีย์มาศ
245 10 ^aตาโปน =^bThe proptosis /^cธัญญพัทธ์ เบญจวลีย์มาศ
246 31 ^aThe proptosis
250    ^aพิมพ์ครั้งที่ 1
260    ^aสงขลา :^bหน่วยผลิตตำรา คณะแพทยศาสตร์มหาวิทยาลัยสงขลานครินทร์,^c2555
300    ^a[8], 259 หน้า :^bภาพประกอบ
650  7 ^aตาโปน
650  7 ^aตา^xโรค^xการวินิจฉัย
650  7 ^aตา^xโรค^xการรักษา
710 2  ^aมหาวิทยาลัยสงขลานครินทร์.^bคณะแพทยศาสตร์.^bหน่วยผลิตตำรา
945    ^p0^l0^i033108
995    ^aทศพร
999    ^aทศพร
รายการนี้ยังไม่มีแท็ก
คุณยังไม่ได้ล็อกอิน คุณสามารถมีกิจกรรมร่วมกับเว็บไซต์ได้ แต่ต้องล็อกอินก่อน ::
  ล็อกอิน

รายการสื่อสารสนเทศ

ลำดับที่ ประเภท เลขเรียก/บาร์โค้ด สถานที่ สถานะ
1. วิทยาศาสตร์การแพทย์ และสุขภาพ
หนังสือสำรอง
สถานะ=หนังสือสำรอง
WW210 ธ451ต ฉ.1 
  Barcode: 033108
ห้องสมุดวิทยาเขตสวรรค์ประชารักษ์
►ส่วนจัดเก็บหนังสือเก่า สปร
บนชั้น
  ขอยืม

รายการใกล้เคียง
    ผู้แต่ง [ธัญญพัทธ์ เบญจวลีย์มาศ]

    หัวเรื่อง [ตาโปน]

BibComment


ยังไม่เคยถูกคอมเมนท์

คอมเมนท์ทรัพยากรรายการนี้
  คอมเมนท์: ตาโปน The propt..


 Copyright 2026. Bcnsprnw @Library